[Event "IV Festival A"]
[Site "Lido degli Estensi - Comacchio ITA"]
[Date "2003.06.09"]
[Round "3"]
[White "Lazic, Miroljub"]
[Black "Tomescu, Vlad"]
[Result "1/2-1/2"]
[WhiteElo "2508"]
[BlackElo "2412"]
[PlyCount "50"]
[EventDate "2003.06.06"]

1. Nf3 Nc6 2. e4 e5 3. Bc4 Nf6 4. d3 Be7 5. O-O O-O 6. c3 d6 7. Bb3 h6 8. Re1
Nh7 9. Nbd2 Ng5 10. h3 g6 11. d4 Bf6 12. dxe5 dxe5 13. Qe2 Kg7 14. Nc4 Nxf3+
15. Qxf3 Be6 16. Ne3 Bg5 17. Rd1 Qf6 18. Qxf6+ Kxf6 19. Bxe6 Kxe6 20. Nd5 Rac8
21. Bxg5 hxg5 22. Rd3 f6 23. Rad1 Rf7 24. Kf1 Nb8 25. Ke2 Rd7 1/2-1/2

[Event "IV Festival A"]
[Site "Lido degli Estensi - Comacchio ITA"]
[Date "2003.06.09"]
[Round "3"]
[White "Mozes, Ervin"]
[Black "Kogan, Artur"]
[Result "0-1"]
[WhiteElo "2345"]
[BlackElo "2539"]
[PlyCount "101"]
[EventDate "2003.06.06"]

1. g3 d5 2. Bg2 Nc6 3. d4 Bf5 4. c3 Qd7 5. Nd2 Nf6 6. h3 h5 7. Ngf3 Ne4 8. Nxe4
Bxe4 9. Bf4 f6 10. h4 O-O-O 11. Bh3 e6 12. Qd2 Kb8 13. O-O Be7 14. Qe3 Rdg8 15.
b4 g5 16. hxg5 h4 17. g4 Bxf3 18. exf3 fxg5 19. Bh2 Bd6 20. f4 gxf4 21. Bxf4
Bxf4 22. Qxf4 Qg7 23. Rae1 Re8 24. b5 Na5 25. Kh2 Nc4 26. g5 e5 27. dxe5 Nxe5
28. Re3 Rhf8 29. Bf5 Nc4 30. Rxe8+ Rxe8 31. Bd3 Rf8 32. Qd4 Qxg5 33. Bxc4 dxc4
34. Rg1 Qxb5 35. Rg4 b6 36. Rxh4 Qb2 37. Rh8 Rxh8+ 38. Qxh8+ Kb7 39. Kg3 Qxa2
40. Qh1+ c6 41. f4 Qd2 42. Qh7+ Ka6 43. Qh8 Qd3+ 44. Kh4 b5 45. Qe5 b4 46. cxb4
c3 47. Qc5 Qe4 48. Qxc3 Qxf4+ 49. Kh3 Qf5+ 50. Kg3 Kb5 51. Qa3 0-1

[Event "IV Festival A"]
[Site "Lido degli Estensi - Comacchio ITA"]
[Date "2003.06.09"]
[Round "3"]
[White "Mrdja, Milan"]
[Black "Danieli, Enrico"]
[Result "1-0"]
[WhiteElo "2353"]
[BlackElo "2120"]
[PlyCount "57"]
[EventDate "2003.06.06"]

1. e4 c6 2. d4 d5 3. Nc3 dxe4 4. Nxe4 Nf6 5. Ng5 h6 6. N5f3 Bf5 7. Bc4 e6 8.
Ne5 Bd6 9. Qe2 Qc7 10. f4 Nbd7 11. Ngf3 Bxe5 12. dxe5 Nd5 13. Nd4 Bh7 14. Bd2
a6 15. Bxd5 cxd5 16. Bb4 Rc8 17. O-O Qc4 18. Qd2 g6 19. Rf3 Qc7 20. Rc3 Qd8 21.
Rxc8 Qxc8 22. Re1 Nb8 23. f5 gxf5 24. Qxh6 Kd7 25. Qf6 Qe8 26. Re3 Bg6 27. Rc3
Qd8 28. Nxe6 fxe6 29. Qg7+ 1-0

[Event "IV Festival A"]
[Site "Lido degli Estensi - Comacchio ITA"]
[Date "2003.06.09"]
[Round "3"]
[White "Radovanovic, Jovica"]
[Black "Rigo, Gianfrancesco"]
[Result "1-0"]
[WhiteElo "2233"]
[BlackElo "2055"]
[PlyCount "63"]
[EventDate "2003.06.06"]

1. e4 e6 2. d4 d5 3. Nc3 Bb4 4. e5 c5 5. a3 Bxc3+ 6. bxc3 Ne7 7. Qg4 Qc7 8.
Qxg7 Rg8 9. Qxh7 cxd4 10. Ne2 Nbc6 11. f4 Bd7 12. Qd3 dxc3 13. Nxc3 a6 14. Rb1
Na5 15. Ne2 Nf5 16. Ng3 Nxg3 17. hxg3 Nc4 18. Qd4 O-O-O 19. Rb3 Kb8 20. Bd3 Bb5
21. Kf2 f6 22. exf6 Rg4 23. Rh7 Qa5 24. Bxc4 dxc4 25. Qe5+ Ka8 26. Rc3 Qb6+ 27.
Be3 Qc6 28. Qc5 Rd2+ 29. Ke1 Re2+ 30. Kxe2 Qxg2+ 31. Bf2 Qe4+ 32. Qe3 1-0

[Event "IV Festival A"]
[Site "Lido degli Estensi - Comacchio ITA"]
[Date "2003.06.09"]
[Round "3"]
[White "Ricci, Alfredo"]
[Black "Contin, Daniel"]
[Result "0-1"]
[WhiteElo "2053"]
[BlackElo "2340"]
[PlyCount "144"]
[EventDate "2003.06.06"]

1. e4 c5 2. Nf3 d6 3. d4 Nf6 4. Nc3 cxd4 5. Nxd4 a6 6. Bc4 e6 7. Bb3 Be7 8. a4
Nc6 9. O-O O-O 10. Kh1 Nd7 11. f4 Nc5 12. Be3 Nxb3 13. Nxb3 Na5 14. Nxa5 Qxa5
15. Qd2 Kh8 16. Bd4 Bd7 17. e5 dxe5 18. fxe5 Bc6 19. Qf2 Rac8 20. Ne2 Qd2 21.
Nf4 Qxf2 22. Rxf2 Rfd8 23. c3 Kg8 24. Kg1 Rd7 25. a5 Be4 26. Rd2 Bg5 27. g3 Bf5
28. Rad1 Bg4 29. Be3 Rdd8 30. Rxd8+ Rxd8 31. Rxd8+ Bxd8 32. b4 Bc7 33. Bd4 Bf5
34. Ng2 Kf8 35. Kf2 Ke7 36. Ke3 Kd7 37. Nh4 Bb1 38. Nf3 Ba2 39. Nd2 Bd5 40. g4
Bd8 41. Kd3 f5 42. exf6 gxf6 43. c4 Bg2 44. Ne4 e5 45. Bb6 Be7 46. b5 Bf1+ 47.
Ke3 axb5 48. cxb5 Bxb5 49. Nc5+ Kc6 50. Ne6 Kd6 51. Nc7 Bc6 52. a6 bxa6 53.
Nxa6 Kd5 54. Nc7+ Kc4 55. Ne6 Bd7 56. Bd8 Bxd8 57. Nxd8 Bxg4 58. Ke4 Kc5 59.
Nf7 Bh5 60. Nh6 Bg6+ 61. Ke3 f5 62. Ng8 f4+ 63. Kf3 Bh5+ 64. Ke4 Bg6+ 65. Kf3
Kd6 66. Nh6 Ke6 67. Kg4 Kf6 68. Ng8+ Kf7 69. Nh6+ Kg7 70. Kg5 e4 71. Ng4 e3 72.
Ne5 e2 0-1

[Event "IV Festival A"]
[Site "Lido degli Estensi - Comacchio ITA"]
[Date "2003.06.09"]
[Round "3"]
[White "Sarno, Spartaco"]
[Black "Felgaer Ziegler, Ruben"]
[Result "0-1"]
[WhiteElo "2425"]
[BlackElo "2547"]
[PlyCount "105"]
[EventDate "2003.06.06"]

1. c4 c5 2. g3 Nc6 3. Bg2 g6 4. e3 Bg7 5. Ne2 Nh6 6. Nbc3 Nf5 7. a3 Rb8 8. Rb1
Nd6 9. d3 b5 10. cxb5 Nxb5 11. Nxb5 Rxb5 12. O-O O-O 13. Qc2 Qb6 14. Rd1 Ba6
15. Bd5 e6 16. Bc4 Ne5 17. Bxb5 Qxb5 18. e4 Nxd3 19. a4 Qc6 20. Rxd3 Qxe4 21.
Nf4 g5 22. f3 Qe1+ 23. Kg2 gxf4 24. Bxf4 Bxd3 25. Qxd3 c4 26. Rxe1 cxd3 27. Rd1
d5 28. Rxd3 Bxb2 29. Rb3 Bf6 30. Bh6 Bg7 31. Bxg7 Kxg7 32. Rb7 a5 33. Ra7 Rc8
34. Rxa5 Rc2+ 35. Kh3 Rf2 36. f4 h5 37. Ra8 Ra2 38. a5 Kf6 39. a6 Kf5 40. Rh8
Ke4 41. Rxh5 d4 42. Rb5 d3 43. Kg4 d2 44. Rb1 Rxa6 45. h4 f5+ 46. Kg5 Ra3 47.
Rd1 Rxg3+ 48. Kf6 Rg2 49. Kxe6 Kxf4 50. h5 Rh2 51. Kf6 Ke3 52. Kxf5 Rxh5+ 53.
Kg4 0-1

[Event "IV Festival A"]
[Site "Lido degli Estensi - Comacchio ITA"]
[Date "2003.06.09"]
[Round "3"]
[White "Skembris, Spyridon"]
[Black "Mantovani, Renzo"]
[Result "1-0"]
[WhiteElo "2448"]
[BlackElo "2353"]
[PlyCount "49"]
[EventDate "2003.06.06"]

1. d4 Nf6 2. c4 e6 3. Nc3 d5 4. Nf3 Be7 5. Bg5 Nbd7 6. e3 O-O 7. Rc1 a6 8. cxd5
exd5 9. Bd3 c6 10. O-O h6 11. Bh4 Ne4 12. Bxe7 Qxe7 13. Qc2 f5 14. Rfe1 g5 15.
Nd2 Nxd2 16. Qxd2 Nf6 17. Qc2 Ne4 18. f3 Nd6 19. e4 fxe4 20. fxe4 Qg7 21. exd5
Qxd4+ 22. Kh1 cxd5 23. Nxd5 Rf2 24. Qb3 Kh8 25. Qb6 1-0

[Event "IV Festival A"]
[Site "Lido degli Estensi - Comacchio ITA"]
[Date "2003.06.09"]
[Round "3"]
[White "Sulava, Nenad"]
[Black "Muscolino, Attilio"]
[Result "1-0"]
[WhiteElo "2516"]
[BlackElo "2155"]
[PlyCount "85"]
[EventDate "2003.06.06"]

1. e4 c5 2. Nf3 e6 3. c4 Nc6 4. Nc3 d6 5. d4 cxd4 6. Nxd4 Nf6 7. Be2 Be7 8. O-O
O-O 9. Be3 Nxd4 10. Qxd4 Qa5 11. Rfd1 Rd8 12. a3 e5 13. Qd2 Kh8 14. f3 Be6 15.
b4 Qc7 16. Rac1 b6 17. Nd5 Qb7 18. Bd3 Nxd5 19. exd5 Bd7 20. Qc2 g6 21. f4 Bf6
22. Rf1 Be8 23. Qf2 Qe7 24. Rce1 Bg7 25. f5 f6 26. h4 Bf7 27. a4 Rab8 28. b5
Rb7 29. Kh1 Rc7 30. a5 bxa5 31. b6 axb6 32. Bxb6 Ra8 33. Bxc7 Qxc7 34. Qc2 Qc5
35. fxg6 Bxg6 36. Bxg6 hxg6 37. Qxg6 Qxc4 38. Rf3 Qxd5 39. h5 Qd2 40. Ree3 Qc1+
41. Kh2 Qc7 42. h6 Bf8 43. Rg3 1-0

[Event "IV Festival A"]
[Site "Lido degli Estensi - Comacchio ITA"]
[Date "2003.06.09"]
[Round "3"]
[White "Vassallo Barroche, Mauricio"]
[Black "Miladinovic, Igor"]
[Result "0-1"]
[WhiteElo "2440"]
[BlackElo "2533"]
[PlyCount "72"]
[EventDate "2003.06.06"]

1. c4 e5 2. Nc3 Nc6 3. Nf3 g6 4. d4 exd4 5. Nxd4 Bg7 6. Nxc6 dxc6 7. Qxd8+ Kxd8
8. Bg5+ Ke8 9. O-O-O Be6 10. e4 Nf6 11. f3 Rc8 12. Be2 Nd7 13. Kc2 c5 14. Nd5
h6 15. Bh4 g5 16. Bf2 c6 17. Nc3 b6 18. h4 Ne5 19. b3 Ng6 20. hxg5 hxg5 21.
Rxh8+ Bxh8 22. Be3 Nf4 23. Bf1 Be5 24. g3 Nh5 25. Ne2 f6 26. f4 Bc7 27. fxg5
Bg4 28. Rd2 Kf7 29. Nf4 Nxg3 30. Bd3 fxg5 31. Ng2 Rg8 32. Rf2+ Ke6 33. Ne1 Nh5
34. Rg2 Bg3 35. Bd2 Bh3 36. Rg1 g4 0-1

[Event "IV Festival A"]
[Site "Lido degli Estensi - Comacchio ITA"]
[Date "2003.06.09"]
[Round "3"]
[White "Wohl, Aleksandar H."]
[Black "Ortega, Lexy"]
[Result "1/2-1/2"]
[WhiteElo "2401"]
[BlackElo "2448"]
[PlyCount "70"]
[EventDate "2003.06.06"]

1. Nf3 c5 2. c4 e6 3. g3 d5 4. Bg2 Nc6 5. O-O Nf6 6. d4 dxc4 7. Ne5 Nxe5 8.
dxe5 Nd5 9. Na3 c3 10. bxc3 Nxc3 11. Qc2 Nd5 12. Rd1 Bd7 13. Nc4 Qc8 14. Bb2
Nb4 15. Qc3 Be7 16. Nd6+ Bxd6 17. exd6 f6 18. a3 Na6 19. Qf3 O-O 20. Qxb7 Qxb7
21. Bxb7 Rab8 22. Bxa6 Rxb2 23. Rac1 Rb6 24. Bc4 Rd8 25. f4 Kf8 26. e4 Ba4 27.
Re1 Rdxd6 28. e5 fxe5 29. Rxe5 Rd2 30. Bxe6 Bc6 31. Rexc5 Rg2+ 32. Kf1 Rxh2 33.
Rxc6 Rh1+ 34. Kf2 Rxc1 35. Rxc1 Rxe6 1/2-1/2

[Event "IV Festival A"]
[Site "Lido degli Estensi - Comacchio ITA"]
[Date "2003.06.10"]
[Round "4"]
[White "Alberti, Andrea"]
[Black "Mrdja, Milan"]
[Result "0-1"]
[WhiteElo "2174"]
[BlackElo "2353"]
[PlyCount "114"]
[EventDate "2003.06.06"]

1. d4 c5 2. c4 cxd4 3. Qxd4 Nc6 4. Qd2 Nf6 5. Nc3 g6 6. b3 Bg7 7. Bb2 O-O 8.
Nf3 Qa5 9. Rb1 d6 10. e4 a6 11. a3 Bg4 12. Be2 Rac8 13. h3 Bxf3 14. Bxf3 Nd7
15. O-O Nd4 16. Bd1 e6 17. Qe3 Rfe8 18. Ne2 Nxe2+ 19. Qxe2 Bxb2 20. Qxb2 Qc5
21. Be2 Ne5 22. Rfd1 Red8 23. Bf1 Qc7 24. Rdc1 Nc6 25. b4 a5 26. c5 axb4 27.
axb4 dxc5 28. Rxc5 Qf4 29. Qe2 b6 30. Rc3 Nd4 31. Qe3 Qxe3 32. Rxe3 e5 33. Ba6
Rc2 34. Bf1 Ra8 35. Bd3 Rd2 36. Bc4 Rc8 37. Rc1 Kg7 38. Rec3 Rxc4 39. Rxc4 Ne2+
40. Kf1 Nxc1 41. Rxc1 Rd4 42. f3 Rxb4 43. h4 Rb2 44. Kg1 h5 45. Rc6 b5 46. Rb6
b4 47. g4 hxg4 48. fxg4 b3 49. Kf1 Rh2 50. Rxb3 Rxh4 51. Rg3 Kf6 52. Kf2 Kg5
53. Kf3 Rh2 54. Ke3 Ra2 55. Rg1 Ra3+ 56. Ke2 f6 57. Kd2 Rf3 0-1

[Event "IV Festival A"]
[Site "Lido degli Estensi - Comacchio ITA"]
[Date "2003.06.10"]
[Round "4"]
[White "Astengo, Corrado"]
[Black "Mozes, Ervin"]
[Result "0-1"]
[WhiteElo "2165"]
[BlackElo "2345"]
[PlyCount "154"]
[EventDate "2003.06.06"]

1. c4 d6 2. Nc3 e5 3. g3 Be6 4. Bg2 c6 5. d3 g6 6. e4 Bg7 7. Nge2 Ne7 8. O-O
O-O 9. Be3 Nd7 10. b3 Nf6 11. d4 Ng4 12. Bc1 Qa5 13. Bb2 f5 14. h3 Nf6 15. dxe5
dxe5 16. Qd6 Kf7 17. b4 Qd8 18. Qxe5 Nxe4 19. Qf4 Kg8 20. Nxe4 fxe4 21. Qc1
Bxb2 22. Qxb2 Bxc4 23. Bxe4 Qd7 24. Bg2 Rad8 25. Qc2 Qd3 26. Qxd3 Rxd3 27. Nf4
Ra3 28. Rfe1 Nd5 29. Nxd5 cxd5 30. Re7 Rf7 31. Re8+ Kg7 32. Rd8 Rxa2 33. Rxa2
Bxa2 34. Bxd5 Bxd5 35. Rxd5 Kf6 36. f4 Ke6 37. Rc5 Kd6 38. Kf2 b6 39. Re5 a6
40. Kf3 Rc7 41. h4 Rc3+ 42. Kf2 Rb3 43. h5 Rxb4 44. hxg6 hxg6 45. Rg5 a5 46.
Rxg6+ Kd5 47. f5 a4 48. Re6 a3 49. Re3 Rb2+ 50. Kf3 a2 51. Ra3 b5 52. Ra6 Rb3+
53. Kg2 Rb2+ 54. Kf3 b4 55. f6 Rb3+ 56. Kg4 Ra3 57. Rxa3 bxa3 58. f7 a1=Q 59.
f8=Q Qd1+ 60. Kh4 Qh1+ 61. Kg5 Qc1+ 62. Kh5 Qc5 63. Qa8+ Kc4+ 64. Kh4 Kb3 65.
g4 Qf2+ 66. Kh5 Qf7+ 67. Kh6 Qf4+ 68. g5 Qh2+ 69. Kg7 Qc7+ 70. Kh6 Qh2+ 71. Kg7
Qe5+ 72. Kh6 a2 73. Qb7+ Kc3 74. Qc6+ Kd2 75. Qg2+ Qe2 76. Qa8 Qh2+ 77. Kg7
Qe5+ 0-1

[Event "IV Festival A"]
[Site "Lido degli Estensi - Comacchio ITA"]
[Date "2003.06.10"]
[Round "4"]
[White "Brumen, Dinko"]
[Black "Plachkinova Georgieva, Tatjana"]
[Result "0-1"]
[WhiteElo "2371"]
[BlackElo "2171"]
[PlyCount "76"]
[EventDate "2003.06.06"]

1. d4 Nf6 2. Nf3 c5 3. e3 b6 4. Bd3 Bb7 5. O-O g6 6. c4 cxd4 7. exd4 d5 8. Nc3
Bg7 9. Qa4+ Bc6 10. Qb3 O-O 11. Ne5 Bb7 12. c5 Nc6 13. Qa4 Nxe5 14. dxe5 Nd7
15. cxb6 axb6 16. Qh4 Nxe5 17. Bb1 e6 18. Bg5 Qc8 19. Bf6 Qc4 20. f4 Bxf6 21.
Qxf6 Ng4 22. Qh4 Ne3 23. Re1 d4 24. Ne4 Bxe4 25. Bxe4 Rxa2 26. Rac1 Qb4 27. h3
Qxb2 28. Qg3 Ra3 29. Rb1 Qd2 30. Qg5 h5 31. h4 Nc2 32. Rbd1 Qc3 33. Re2 Ne3 34.
Rd3 Qc1+ 35. Kh2 Rxd3 36. Bxd3 Nf1+ 37. Kg1 Ng3+ 38. Kf2 Nxe2 0-1

[Event "IV Festival A"]
[Site "Lido degli Estensi - Comacchio ITA"]
[Date "2003.06.10"]
[Round "4"]
[White "Bukal, Vladimir jr"]
[Black "Ronchetti, Niccolo'"]
[Result "1-0"]
[WhiteElo "2396"]
[BlackElo "2224"]
[PlyCount "59"]
[EventDate "2003.06.06"]

1. d4 Nf6 2. Nc3 c5 3. d5 d6 4. e4 g6 5. Bb5+ Bd7 6. a4 Bg7 7. Nf3 O-O 8. h3 b6
9. Bc4 Qc7 10. Bf4 Qb7 11. Qe2 Nh5 12. Bh2 Bh6 13. e5 Nf4 14. Bxf4 Bxf4 15. Qe4
dxe5 16. Nxe5 Bh6 17. O-O Bf5 18. Qe2 a6 19. Rfe1 Ra7 20. Rad1 Bf4 21. g4 Bd7
22. d6 exd6 23. Nxf7 Kg7 24. Nxd6 Bxd6 25. Rxd6 Nc6 26. Rxc6 Bxc6 27. Qe5+ Kh6
28. g5+ Kh5 29. Qg3 Bf3 30. Bd5 1-0

[Event "IV Festival A"]
[Site "Lido degli Estensi - Comacchio ITA"]
[Date "2003.06.10"]
[Round "4"]
[White "Di Lazzaro, Gabriele"]
[Black "Sarno, Spartaco"]
[Result "0-1"]
[WhiteElo "1996"]
[BlackElo "2425"]
[PlyCount "100"]
[EventDate "2003.06.06"]

1. e4 c6 2. d4 d5 3. exd5 cxd5 4. c4 Nf6 5. Nc3 g6 6. Qb3 Bg7 7. Nf3 O-O 8.
cxd5 Nbd7 9. Be2 Nb6 10. O-O Nfxd5 11. a4 Be6 12. Qd1 Nxc3 13. bxc3 Rc8 14. Bd2
Bc4 15. a5 Nd5 16. Bxc4 Rxc4 17. Qb3 Qc7 18. Rfe1 Rc8 19. Rab1 b6 20. axb6 axb6
21. Ng5 e5 22. Nf3 Nxc3 23. Bxc3 Rxc3 24. Qxb6 Qxb6 25. Rxb6 exd4 26. Rd6 R3c4
27. Kf1 Kf8 28. Rd7 Bf6 29. Rd5 Rd8 30. Rxd8+ Bxd8 31. Rd1 Bb6 32. Ke2 Ke7 33.
Rd2 Rb4 34. Kd3 f6 35. Ke4 Kd6 36. Ra2 f5+ 37. Kd3 Kd5 38. Ra3 Rb2 39. Nd2 Bc5
40. Rb3 Ra2 41. g3 Ba3 42. Rb5+ Kc6 43. Ra5 Rxd2+ 44. Kxd2 Bb4+ 45. Kd3 Bxa5
46. Kxd4 Kd6 47. Ke3 Ke5 48. f4+ Kd5 49. Kf3 Kd4 50. g4 Kd3 0-1

[Event "IV Festival A"]
[Site "Lido degli Estensi - Comacchio ITA"]
[Date "2003.06.10"]
[Round "4"]
[White "Felgaer Ziegler, Ruben"]
[Black "Skembris, Spyridon"]
[Result "1/2-1/2"]
[WhiteElo "2547"]
[BlackElo "2448"]
[PlyCount "78"]
[EventDate "2003.06.06"]

1. e4 e5 2. Nf3 Nc6 3. Bc4 Nf6 4. Ng5 d5 5. exd5 Na5 6. Bb5+ Bd7 7. Qe2 Be7 8.
Nc3 O-O 9. O-O Re8 10. Nge4 c6 11. dxc6 Nxc6 12. Bxc6 Bxc6 13. Nxf6+ Bxf6 14.
d3 Rc8 15. Be3 Qc7 16. Qg4 Re6 17. f3 Be7 18. Kh1 b5 19. Rf2 Rf8 20. Qf5 b4 21.
Ne2 Bd7 22. Qe4 Bc6 23. Qc4 Qd7 24. Bc5 Bd5 25. Qxb4 Rb6 26. Qa3 Bxc5 27. Qxc5
Rc8 28. Qe3 Rxc2 29. Nc3 Rbxb2 30. Rxc2 Rxc2 31. Nxd5 Qxd5 32. Qxa7 h6 33. a4
Qxd3 34. a5 Ra2 35. Qg1 Qa3 36. Rxa2 Qxa2 37. Qe1 f5 38. h3 e4 39. fxe4 fxe4
1/2-1/2

[Event "IV Festival A"]
[Site "Lido degli Estensi - Comacchio ITA"]
[Date "2003.06.10"]
[Round "4"]
[White "Kogan, Artur"]
[Black "Borgo, Giulio"]
[Result "1-0"]
[WhiteElo "2539"]
[BlackElo "2425"]
[PlyCount "67"]
[EventDate "2003.06.06"]

1. e4 c5 2. Nf3 e6 3. d3 b6 4. g3 Bb7 5. Bg2 Be7 6. O-O Nf6 7. e5 Nd5 8. c4 Nb4
9. d4 cxd4 10. a3 N4c6 11. Nxd4 a6 12. Nc3 Qc7 13. Re1 O-O 14. Nxc6 Nxc6 15.
Bf4 Na5 16. Ne4 Kh8 17. Rc1 Rac8 18. Qh5 Qc6 19. Rc3 f5 20. exf6 Rxf6 21. Bf3
Rf5 22. Ng5 Rxg5 23. Bxg5 Qc5 24. Bxe7 Qxe7 25. Bxb7 Nxb7 26. b4 Nd6 27. Rec1
Ne4 28. R3c2 Qf6 29. Qe2 Ng5 30. f4 Nf7 31. Qe3 Rc6 32. b5 Rc5 33. bxa6 Qd8 34.
Rd1 1-0

[Event "IV Festival A"]
[Site "Lido degli Estensi - Comacchio ITA"]
[Date "2003.06.10"]
[Round "4"]
[White "Manca, Federico"]
[Black "De Vita, Igor"]
[Result "1-0"]
[WhiteElo "2350"]
[BlackElo "2158"]
[PlyCount "47"]
[EventDate "2003.06.06"]

1. e4 e5 2. Nf3 Nc6 3. d4 exd4 4. Nxd4 Bc5 5. Nxc6 Qf6 6. Qd2 dxc6 7. Nc3 Be6
8. Na4 Rd8 9. Bd3 Bd4 10. O-O b5 11. c3 bxa4 12. cxd4 Qxd4 13. Rd1 Nf6 14. Qc2
Bg4 15. Qxc6+ Bd7 16. Qxc7 Ng4 17. Qg3 O-O 18. Bf4 Qxb2 19. h3 Nf6 20. Be5 Qb6
21. Bc7 Qe6 22. Bxd8 Rxd8 23. Bb5 Re8 24. Rd6 1-0

[Event "IV Festival A"]
[Site "Lido degli Estensi - Comacchio ITA"]
[Date "2003.06.10"]
[Round "4"]
[White "Mantovani, Renzo"]
[Black "Tocco, Paolo"]
[Result "1/2-1/2"]
[WhiteElo "2353"]
[BlackElo "2144"]
[PlyCount "139"]
[EventDate "2003.06.06"]

1. Nf3 f5 2. g3 Nf6 3. Bg2 g6 4. O-O Bg7 5. d3 O-O 6. e4 d6 7. c3 e6 8. Qb3
fxe4 9. Ng5 d5 10. dxe4 h6 11. exd5 exd5 12. Ne4 c6 13. Nxf6+ Qxf6 14. Be3 Qf7
15. Nd2 Nd7 16. Nf3 g5 17. Rad1 Qh5 18. Nd4 Ne5 19. f3 Rf7 20. Rde1 b6 21. Qc2
Bd7 22. Bc1 Raf8 23. f4 gxf4 24. Rxf4 Rxf4 25. Bxf4 Ng4 26. h3 Nf6 27. Re5 Qf7
28. Nf5 Bxf5 29. Qxf5 Nd7 30. Qxf7+ Kxf7 31. Re2 Re8 32. Rxe8 Kxe8 33. Kf2 Kf7
34. Bf3 Ne5 35. Be2 Ke6 36. g4 c5 37. Ba6 Nc6 38. Bc8+ Ke7 39. Ke3 d4+ 40. cxd4
Nxd4 41. Ke4 Ne6 42. Bxe6 Kxe6 43. b3 b5 44. Be3 Bf8 45. h4 a5 46. a4 c4 47.
bxc4 bxa4 48. Bd4 Be7 49. h5 a3 50. Kd3 a2 51. Kc2 Bc5 52. Ba1 a4 53. Kb2 Kf6
54. Kxa2+ Kg5 55. Bg7 Kxg4 56. Bxh6 Kxh5 57. Bc1 Kg6 58. Ba3 Bd4 59. Bb4 Kf7
60. Ka3 Ke8 61. Kxa4 Kd7 62. Kb5 Kc7 63. Bc5 Be5 64. Bb6+ Kb7 65. c5 Bc7 66.
Bxc7 Kxc7 67. c6 Kc8 68. Kb6 Kb8 69. c7+ Kc8 70. Kc6 1/2-1/2

[Event "IV Festival A"]
[Site "Lido degli Estensi - Comacchio ITA"]
[Date "2003.06.10"]
[Round "4"]
[White "Miladinovic, Igor"]
[Black "Drasko, Milan"]
[Result "1/2-1/2"]
[WhiteElo "2533"]
[BlackElo "2491"]
[PlyCount "147"]
[EventDate "2003.06.06"]

1. d4 e6 2. Nf3 Nf6 3. Bg5 c5 4. e3 Be7 5. c3 b6 6. Nbd2 Bb7 7. Bd3 cxd4 8.
exd4 d6 9. Bxf6 Bxf6 10. Qe2 Nd7 11. O-O-O Qc7 12. g4 h6 13. h4 O-O-O 14. g5
hxg5 15. hxg5 Rxh1 16. Rxh1 Bxd4 17. g6 Bf6 18. gxf7 Ne5 19. Ba6 Qxf7 20. Bxb7+
Qxb7 21. Rh3 Qd5 22. Kc2 Ng6 23. Qe4 Qf5 24. Qxf5 exf5 25. Rh5 Ne7 26. Nc4 Kd7
27. Rh1 Rc8 28. Ne3 g6 29. a4 Rh8 30. Rd1 Rh3 31. Ne1 Rh2 32. Nd3 Bh4 33. Rd2
Bg5 34. f4 Rxd2+ 35. Kxd2 Bh6 36. Ke2 a5 37. Kf3 Bg7 38. Nc2 Kc6 39. Na3 Nd5
40. Nb5 Nc7 41. Nxc7 Kxc7 42. c4 Kc6 43. b3 d5 44. Ke3 Bf6 45. Kf3 Bd4 46. Kg3
Kd6 47. Kf3 Bg7 48. Kg3 Bf6 49. Kf3 Bd4 50. Kg3 Ke6 51. Kf3 Bc5 52. Kg3 Bd6 53.
Kf3 dxc4 54. bxc4 Kf6 55. Nc1 g5 56. fxg5+ Kxg5 57. Nd3 f4 58. Nf2 Kf5 59. Nd3
Ba3 60. Nxf4 Ke5 61. Nd5 Bc5 62. Ke2 Kd4 63. Kd2 Kxc4 64. Nc7 Kb4 65. Kd3 Kxa4
66. Kc4 Bd6 67. Nb5 Be5 68. Na7 Ka3 69. Nc6 Bf6 70. Na7 a4 71. Nb5+ Kb2 72. Kb4
a3 73. Nxa3 Be7+ 74. Kb5 1/2-1/2

[Event "IV Festival A"]
[Site "Lido degli Estensi - Comacchio ITA"]
[Date "2003.06.10"]
[Round "4"]
[White "Muscolino, Attilio"]
[Black "Ricci, Alfredo"]
[Result "1-0"]
[WhiteElo "2155"]
[BlackElo "2053"]
[PlyCount "123"]
[EventDate "2003.06.06"]

1. e4 c5 2. Nf3 d6 3. d4 cxd4 4. Nxd4 Nf6 5. Nc3 a6 6. Be2 b5 7. Bf3 e5 8. Nb3
Be7 9. Be3 Bb7 10. Qd2 Nbd7 11. O-O Qc7 12. Qd3 Rc8 13. Rac1 Ba8 14. Rfe1 h6
15. Nd2 O-O 16. Ne2 Nc5 17. Bxc5 dxc5 18. c4 Rfd8 19. Qc2 Qd7 20. Nf1 bxc4 21.
Qxc4 Qb5 22. Qc2 Qd3 23. Nc3 Qxc2 24. Rxc2 Rd4 25. Ne3 Rcd8 26. Nf5 Bf8 27.
Nxd4 cxd4 28. Nd5 Nxd5 29. exd5 f6 30. Be4 Bd6 31. g4 Bb7 32. Rec1 Rd7 33. h4
g6 34. Bxg6 Bxd5 35. Bf5 Rb7 36. Rc8+ Kf7 37. Rh8 Bf8 38. h5 Bg7 39. Rh7 e4 40.
Rc5 Bxa2 41. Rc6 Kg8 42. Bxe4 Re7 43. Bg6 Be6 44. Rxa6 Bc8 45. Ra8 Rc7 46. Bf5
Rc1+ 47. Kh2 Bf8 48. Rha7 Bxf5 49. gxf5 d3 50. Rd8 d2 51. Rxd2 Rc8 52. Rad7 Re8
53. Kg3 Re1 54. Rd8 Kf7 55. R2d7+ Be7 56. Rb8 Re5 57. Rbb7 Ke8 58. Rxe7+ Rxe7
59. Rxe7+ Kxe7 60. Kf4 Kd6 61. Ke4 Kc5 62. b3 1-0

[Event "IV Festival A"]
[Site "Lido degli Estensi - Comacchio ITA"]
[Date "2003.06.10"]
[Round "4"]
[White "Naumkin, Igor"]
[Black "Lazic, Miroljub"]
[Result "1/2-1/2"]
[WhiteElo "2431"]
[BlackElo "2508"]
[PlyCount "33"]
[EventDate "2003.06.06"]

1. d4 d6 2. Nf3 Bg4 3. c4 c6 4. Nc3 Nf6 5. e4 Nbd7 6. Be2 e5 7. O-O Be7 8. h3
Bxf3 9. Bxf3 O-O 10. g3 Qb6 11. d5 Qd4 12. dxc6 bxc6 13. Qxd4 exd4 14. Ne2 Ne5
15. Bg2 c5 16. b3 Rab8 17. Bd2 1/2-1/2

[Event "IV Festival A"]
[Site "Lido degli Estensi - Comacchio ITA"]
[Date "2003.06.10"]
[Round "4"]
[White "Ori, Marco"]
[Black "Zichichi, Alvise"]
[Result "0-1"]
[WhiteElo "2077"]
[BlackElo "2280"]
[PlyCount "70"]
[EventDate "2003.06.06"]

1. e4 c5 2. Nf3 e6 3. d4 cxd4 4. Nxd4 Nc6 5. Nb5 d6 6. c4 Nf6 7. N1c3 a6 8. Na3
Be7 9. Be2 O-O 10. O-O b6 11. Be3 Rb8 12. Rc1 Ne5 13. f3 Bb7 14. Qb3 Ned7 15.
Rfd1 Ba8 16. Bf4 Qc7 17. Kh1 Ne8 18. Nab1 Kh8 19. Nd2 Rg8 20. Nf1 g5 21. Be3
Bf6 22. Ng3 Be5 23. Bd4 Nef6 24. Bxe5 Nxe5 25. Qa3 Rbd8 26. Qxa6 h5 27. Nb5 Qe7
28. Qxb6 h4 29. Nf1 h3 30. g4 d5 31. cxd5 exd5 32. Rc7 Ned7 33. Ng3 dxe4 34.
Qf2 Nxg4 35. Qf1 exf3 0-1

[Event "IV Festival A"]
[Site "Lido degli Estensi - Comacchio ITA"]
[Date "2003.06.10"]
[Round "4"]
[White "Pavlovic, Milos"]
[Black "Trabert, Bettina"]
[Result "1-0"]
[WhiteElo "2570"]
[BlackElo "2292"]
[PlyCount "73"]
[EventDate "2003.06.06"]

1. e4 e5 2. Nf3 Nc6 3. Bb5 a6 4. Ba4 Nf6 5. O-O Be7 6. Re1 b5 7. Bb3 d6 8. c3
O-O 9. h3 Na5 10. Bc2 c5 11. d3 Qc7 12. Nbd2 Nc6 13. Nf1 d5 14. Ne3 d4 15. Nd5
Qd6 16. c4 Ne8 17. a3 Rb8 18. b4 Qd8 19. cxb5 axb5 20. bxc5 Bxc5 21. Bb3 Qd6
22. Nh4 Nf6 23. f4 Re8 24. Rf1 Nxd5 25. Bxd5 Be6 26. Bxe6 fxe6 27. Ra2 Rf8 28.
f5 exf5 29. Nxf5 Qe6 30. Rc2 Rxf5 31. exf5 Qd5 32. Qf3 Rd8 33. Bg5 Be7 34. f6
gxf6 35. Bxf6 Qxf3 36. Rxf3 Bxf6 37. Rxf6 1-0

[Event "IV Festival A"]
[Site "Lido degli Estensi - Comacchio ITA"]
[Date "2003.06.10"]
[Round "4"]
[White "Roeder, Matthias"]
[Black "Golod, Vitali"]
[Result "1/2-1/2"]
[WhiteElo "2447"]
[BlackElo "2538"]
[PlyCount "31"]
[EventDate "2003.06.06"]

1. d4 Nf6 2. c4 e6 3. Nf3 d5 4. Nc3 c5 5. cxd5 Nxd5 6. g3 Nc6 7. Bg2 cxd4 8.
Nxd4 Nxc3 9. bxc3 Nxd4 10. Qxd4 Qxd4 11. cxd4 Bb4+ 12. Bd2 Bxd2+ 13. Kxd2 Ke7
14. Rhc1 Rd8 15. Rc7+ Rd7 16. Rac1 1/2-1/2